Smart internet of Things (Record no. 60636)

MARC details
000 -LEADER
fixed length control field 00321nam a22001337a 4500
005 - DATE AND TIME OF LATEST TRANSACTION
control field 20220929135538.0
008 - FIXED-LENGTH DATA ELEMENTS--GENERAL INFORMATION
fixed length control field 220929b |||||||| |||| 00| 0 eng d
020 ## - INTERNATIONAL STANDARD BOOK NUMBER
International Standard Book Number 978178646658
100 ## - MAIN ENTRY--PERSONAL NAME
Author Kurniawan,A.
245 ## - TITLE STATEMENT
Title Smart internet of Things
260 ## - PUBLICATION, DISTRIBUTION, ETC.
Place of publication, distribution, etc. Mumbai
Name of publisher, distributor, etc. Packt
Date of publication, distribution, etc. 2016
300 ## - PHYSICAL DESCRIPTION
Extent pp.240
942 ## - ADDED ENTRY ELEMENTS (KOHA)
Koha item type Books
Holdings
Withdrawn status Lost status Source of classification or shelving scheme Damaged status Not for loan Home library Current library Date acquired Vendor Net Price Bill number Total Checkouts Barcode Date last seen Date last checked out Discount Actual Price Bill Date Koha item type Original Barcode
    Dewey Decimal Classification     MKSSS s K.B. Joshi Institute of Information Technology Library MKSSS s K.B. Joshi Institute of Information Technology Library 25/07/2022 Vaibhav Book House,Pune 2183.22 478 1 KBJP-BK-2136 31/01/2023 31/01/2023 22% 2799.00 25/07/2022 Books 2136
    Dewey Decimal Classification     MKSSS s K.B. Joshi Institute of Information Technology Library MKSSS s K.B. Joshi Institute of Information Technology Library 25/07/2022 Vaibhav Book House,Pune 2183.22 478 1 KBJP-BK-2137 11/01/2023 04/01/2023 22% 2799.00 25/07/2022 Books 2137